000 00486nam a22001457a 4500
999 _c13910
_d13910
008 190509b ||||| |||| 00| 0 eng d
020 _a9715502857
082 _21998
_aDFil 899.2113
_bL62
245 _aSalapi ng Diyos/
_cJuan Rivera Lazaro
260 _aQuezon City:
_bAteneo De Manila University Press,
_cc1998.
300 _aPages 71-83;
_b18 cm.
500 _a50 Kuwentong ginto ng 50 batikang kuwentista
650 _aPhilippine short stories (Filipino)
_938737
942 _2ddc
_cDFIL